Detalles MARC
| 000 -LEADER |
| fixed length control field |
03185nam a2200289 a 4500 |
| 001 - CONTROL NUMBER |
| control field |
|
| 003 - CONTROL NUMBER IDENTIFIER |
| control field |
DO-SdBNP |
| 005 - DATE AND TIME OF LATEST TRANSACTION |
| control field |
20260603071649.0 |
| 008 - FIXED-LENGTH DATA ELEMENTS--GENERAL INFORMATION |
| fixed length control field |
190403s2015 dr ac 001 0 spa d |
| 020 ## - INTERNATIONAL STANDARD BOOK NUMBER |
| International Standard Book Number |
9789945008548 |
| 040 ## - CATALOGING SOURCE |
| Original cataloging agency |
DO-SdBNP |
| Language of cataloging |
spa |
| Transcribing agency |
BPMSU |
| 082 ## - DEWEY DECIMAL CLASSIFICATION NUMBER |
| Classification number |
972.93054 |
| Item number |
B171c 2014 |
| Edition number |
22 |
| 245 00 - TITLE STATEMENT |
| Title |
Joaquín Balaguer : |
| Remainder of title |
cartas, entrevistas, conferencias, discursos y artículos de opinión (1961-1965) / |
| Statement of responsibility, etc. |
estudios, compilación y notas de Cándido Gerón. |
| 260 ## - PUBLICATION, DISTRIBUTION, ETC. (IMPRINT) |
| Place of publication, distribution, etc. |
Santo Domingo : |
| Name of publisher, distributor, etc. |
Centenario, |
| Date of publication, distribution, etc. |
2014 |
| 300 ## - PHYSICAL DESCRIPTION |
| Extent |
381 p. : |
| Other physical details |
ils., retrs. ; |
| Dimensions |
25 cm. |
| 500 ## - GENERAL NOTE |
| General note |
Incluye índice onomástico |
| 500 ## - GENERAL NOTE |
| General note |
Incluye datos biográficos del compilador en las solapas |
| 505 0# - FORMATTED CONTENTS NOTE |
| Formatted contents note |
El legado de Duarte --<br/>Discurso del presidente Balaguer en Congreso --<br/>Partido Reformista, la oligarquía y la divisas --<br/>Mensaje a la juventud --<br/>El ex presidente enjuicia política de su país Joaquín Balaguer y el futuro de la República Dominicana --<br/>Saldo negativo --<br/>Basta ya de odio --<br/>La deuda pública --<br/>La teoría de Keynes y la economía dominicana --<br/>El costo de la vida --<br/>El clima electoral --<br/>Solo por los voto --<br/>Ni gobiernos inconstitucionales ni gobierno provisionales --<br/>Los ricos y las reformas sociales --<br/>Los neo trujillistas --<br/>Depuración de las fuerzas Armadas no; depuración de toda la adminitración pública, sí --<br/>Mensaje de Balaguer en convención del Partido Reformita --<br/>El cáncer dominicano --<br/>Dos opiniones contraditorias sobre el pueblo dominicano --<br/>Cantinflismo político --<br/>El otro Donald Read --<br/>La tesis electoral de la oligarquía --<br/>Cartas al Listin doctor Joaquín Balaguer relata acontecimientos --.<br/>El ex presidente enjuicia política de su país Joaquín Balaguer y el futuro de la República Dominicana --<br/>El presupuesto de 1964 --<br/>El destino de las empresas estatales --<br/>Ejemplo edificante --<br/>El ejemplo de Honduras --<br/>El tonel de las Danaides --<br/>El triunvirato y el desastre financiero --<br/>Elecciones y tregua política --<br/>El ejemplo del Viet Nam --<br/>Inflación y fuga de divisas --<br/>Las amnistía y la rescontrucción nacional --<br/>Las crisis de los derechos humanos en la República Dominicana --<br/>Un gobierno en interdicción --<br/>Los responsables del desastre --<br/>Un embajador en mangas de camisa --<br/>La historia y los malos ejemplos --<br/>La lucha de clases y la educación popular --<br/>Discurso de Balaguer al Partido Reformista --<br/>La experiencia de 25 de septiembre --<br/>Un paso constructivo --<br/> t La visita del Santo Padre --.<br/>La parálisis del progreso --<br/>El mensaje del año --<br/>En torno a unas declaraciones del Triunviro Cáceres Troncoso --<br/>La sombra de Pilatos --<br/>El destino de las empresas confiscadas --<br/>La política impositiva del Triunvirato --<br/>Dos tipos de demagogia. |
| 590 ## - LOCAL NOTE (RLIN) |
| Local note |
Inventariado, 2022/VM |
| 600 17 - SUBJECT ADDED ENTRY--PERSONAL NAME |
| Personal name |
Balaguer, Joaquín, |
| Dates associated with a name |
1906-2002 |
| General subdivision |
Correspondencias, memorias, etc. |
| 650 #7 - SUBJECT ADDED ENTRY--TOPICAL TERM |
| Topical term or geographic name as entry element |
Presidentes |
| Geographic subdivision |
República Dominicana |
| Form subdivision |
Correspondencias |
| 651 #7 - SUBJECT ADDED ENTRY--GEOGRAPHIC NAME |
| Geographic name |
República Dominicana |
| General subdivision |
Historia. |
| 651 #7 - SUBJECT ADDED ENTRY--GEOGRAPHIC NAME |
| Geographic name |
República Dominicana |
| General subdivision |
Política y gobierno |
| Chronological subdivision |
Siglo XX |
| 700 1# - ADDED ENTRY--PERSONAL NAME |
| Personal name |
Gerón, Candido, |
| Dates associated with a name |
1950- |
| Relator term |
compilador |
| 910 ## - USER-OPTION DATA (OCLC) |
| User-option data |
VMateo V. |
| 942 ## - ADDED ENTRY ELEMENTS (KOHA) |
| Source of classification or shelving scheme |
Dewey Decimal Classification |
| Koha item type |
Libros |